000 00458nam a2200193Ia 4500
008 210210b1989 xxu||||| |||| 00| 0 eng d
020 _a81 7096 215 3
082 _a591.5 ATWA
100 _aATWAL (A S)
245 _aApplied animal ecology
260 _aN D
_bKalyani Publishers
_c1989
300 _aviii,245
650 _aecology
650 _aApplied
650 _aanimal
690 _aAnimal Ecology
700 _aBAINS (S S).
906 _a060656
999 _c107834
_d107834